000 00878nas a2200277 4500
001 BR2012004949
003 BR-BrBNA
005 20231205120829.0
007 ta
008 230509b bl.|||p| |||| 00| 00por d
040 _aBR-BrBNA
_bpor
_cBiblioteca Nacional de Agricultura
041 _a(Pt)
072 _aP34
100 1 _aMatosos, S.C.G.
100 1 _aSilva, A.N. da
100 1 _aFiorelli-Pereira, E.C.
100 1 _aColleta, Q.P.
100 1 _aMaia, E.
245 1 _aFrações de carbono e nitrogênio de um latossolo vermelho-amarelo distrófico sob diferentes usos na Amazònia brasileira
650 _aMICROBIOLOGIA DO SOLO
650 _aBIOMASSA
650 _aSISTEMA DE CULTIVO
773 0 _tActa Amazonica (Brazil)
_xISSN 0044-5967
_g(Jun 2012), v. 42(2) p. 231-240
_wBR2012004949
909 _a202311
_bLúcia
_c55
_dLúcia Elande
942 _2AGRIS
_n0
_cANA
999 _c220536
_d220536